[Event "Forchheim op 10th"]
[Site "Forchheim"]
[Date "2011.10.08"]
[Round "3"]
[White "Neuman, Petr"]
[Black "Kliem, Klaus Peter"]
[Result "1-0"]
[WhiteElo "2463"]
[BlackElo "1916"]
[PlyCount "49"]
[EventDate "2011.10.07"]
[EventType "swiss"]
[EventRounds "5"]
[EventCountry "GER"]
[SourceTitle "CBM 144 Extra"]
[Source "ChessBase"]
[SourceDate "2011.10.28"]
[SourceVersion "1"]
[SourceVersionDate "2011.10.28"]
[SourceQuality "1"]

1. d4 Nf6 2. c4 g6 3. Nc3 Bg7 4. e4 d6 5. Nf3 0-0 6. Be2 c5 7. 0-0 Nbd7 8. d5 a6 9. a4 Ng4 10. Ne1 Ngf6 11. h3 Ne8 12. Bg5 Bf6 13. Bxf6 Ndxf6 14. f4 e5 15. dxe6 fxe6 16. a5 Nc7 17. Nd3 Nfe8 18. e5 dxe5 19. Nxe5 Qe7 20. Qd2 Nd6 21. g4 Nf7 22. Qe3 Nxe5 23. fxe5 Bd7 24. Ne4 Bc6 25. Nxc5 1-0

[Event "Seefeld op 19th"]
[Site "Seefeld"]
[Date "2008.09.08"]
[Round "4"]
[White "Kliem, Klaus Peter"]
[Black "Abraham, Helmut"]
[Result "1-0"]
[WhiteElo "1659"]
[BlackElo "1817"]
[PlyCount "57"]
[EventDate "2008.09.05"]
[EventType "swiss"]
[EventRounds "9"]
[EventCountry "AUT"]
[SourceTitle "EXT 2010"]
[Source "ChessBase"]
[SourceDate "2010.11.25"]
[SourceVersion "1"]
[SourceVersionDate "2010.11.25"]
[SourceQuality "1"]

1. d4 Nf6 2. Nf3 g6 3. c4 d5 4. Nc3 Bg7 5. cxd5 Nxd5 6. e4 Nxc3 7. bxc3 0-0 8. Bc4 c5 9. 0-0 Bg4 10. Be3 Bxf3 11. gxf3 Nc6 12. e5 e6 13. f4 Na5 14. Bd3 cxd4 15. cxd4 Nc6 16. Be4 Rc8 17. d5 Nxe5 18. fxe5 Qh4 19. f4 Bxe5 20. fxe5 Qxe4 21. Bh6 Rfd8 22. Rf4 Qxe5 23. Qf1 Rxd5 24. Rxf7 Qd4+ 25. Kh1 Rf5 26. Rxf5 exf5 27. Rd1 Qe4+ 28. Kg1 Qc2 29. Rc1 1-0

[Event "Seefeld op 19th"]
[Site "Seefeld"]
[Date "2008.09.06"]
[Round "2"]
[White "Kliem, Klaus Peter"]
[Black "Gerhards, Walter"]
[Result "0-1"]
[WhiteElo "1659"]
[BlackElo "1982"]
[PlyCount "106"]
[EventDate "2008.09.05"]
[EventType "swiss"]
[EventRounds "9"]
[EventCountry "AUT"]
[SourceTitle "EXT 2010"]
[Source "ChessBase"]
[SourceDate "2010.11.25"]
[SourceVersion "1"]
[SourceVersionDate "2010.11.25"]
[SourceQuality "1"]

1. d4 Nf6 2. Nf3 e6 3. c4 d5 4. Nc3 Be7 5. Bg5 0-0 6. e3 c5 7. dxc5 dxc4 8. Bxc4 Qa5 9. Qc2 Nc6 10. 0-0 Qxc5 11. Qe2 h6 12. Bh4 b6 13. Rac1 Bb7 14. Nb5 Qh5 15. Bxf6 Bxf6 16. Nd6 Na5 17. Bb5 Bxf3 18. Qxf3 Qxf3 19. gxf3 Bxb2 20. Rc2 Ba3 21. Ne4 Rac8 22. Rxc8 Rxc8 23. Rd1 Rc7 24. Rd8+ Kh7 25. Bd3 f5 26. Ng3 g6 27. f4 Kg7 28. Ne2 Nb7 29. Ra8 Nc5 30. Nd4 Bb2 31. Bc4 Bxd4 32. exd4 Ne4 33. Bxe6 Rc1+ 34. Kg2 Rc2 35. Rxa7+ Kf6 36. d5 Rxf2+ 37. Kg1 Rxf4 38. Rb7 Ke5 39. Bg8 Nc3 40. Rxb6 Rg4+ 41. Kh1 Nxd5 42. Rb5 Rd4 43. a4 Ke4 44. Bxd5+ Rxd5 45. Rxd5 Kxd5 46. Kg2 g5 47. Kf3 Kc5 48. a5 Kb5 49. Ke3 Kxa5 50. Kd4 Kb6 51. Ke5 f4 52. Ke4 Kc5 53. h4 Kd6 0-1